Sports Quiz

Random Sports or Tennis Quiz

Last Five: Tennis Grand Slam Event Runners-up Quiz Stats

 Plays Quiz not verified by Sporcle

Score 0/40 Timer 04:00
0 Plays Today
tennis player % Correct
Men's WimbledonRoger Federer (2019)
98.7%
Men's WimbledonRoger Federer (2015)
98.7%
Men's US OpenRoger Federer (2015)
98.7%
Men's Australian OpenRafael Nadal (2019)
98.5%
Men's Australian OpenRafael Nadal (2017)
98.5%
Men's US OpenNovak Djokovic (2016)
97.2%
Women's Australian OpenSerena Williams (2016)
97.2%
Women's French OpenSerena Williams (2016)
97.2%
Men's French OpenNovak Djokovic (2015)
97.1%
Men's Australian OpenAndy Murray (2016)
95.2%
Men's Australian OpenAndy Murray (2015)
95.2%
Men's French OpenAndy Murray (2016)
95.2%
Women's Australian OpenVenus Williams (2017)
94.1%
Men's French OpenDominic Thiem (2019)
89.8%
Men's French OpenStan Wawrinka (2017)
88.5%
Men's Australian OpenMarin Čilić (2018)
87%
Men's WimbledonMarin Čilić (2017)
85.2%
Men's US OpenJuan Martín del Potro (2018)
83.3%
Men's WimbledonKevin Anderson (2018)
81%
Men's US OpenKevin Anderson (2017)
76%
tennis player % Correct
Women's Australian OpenMaria Sharapova (2015)
74.2%
Women's WimbledonVenus Williams (2017)
73.1%
Women's US OpenSerena Williams (2018)
73%
Women's WimbledonAngelique Kerber (2016)
69.8%
Women's French OpenSloane Stephens (2018)
69.8%
Women's Australian OpenSimona Halep (2018)
63.5%
Men's US OpenDaniil Medvedev (2019)
59.2%
Women's WimbledonSerena Williams (2018)
59.1%
Men's WimbledonMilos Raonic (2016)
59%
Men's French OpenDominic Thiem (2018)
54.4%
Women's French OpenSimona Halep (2017)
53.1%
Women's WimbledonGarbiñe Muguruza (2015)
51.3%
Women's US OpenRoberta Vinci (2015)
49.8%
Women's US OpenMadison Keys (2017)
49.3%
Women's French OpenMarkéta Vondroušová (2019)
45.1%
Women's WimbledonSerena Williams (2019)
44.6%
Women's US OpenKarolína Plíšková (2016)
38%
Women's US OpenSerena Williams (2019)
33.2%
Women's Australian OpenPetra Kvitova (2019)
29.5%
Women's French OpenLucie Šafářová (2015)
16.2%

You're not logged in!

Compare scores with friends on all Sporcle quizzes.
OR
Log In

Sporcle TV

Today on Sporcle TV


Watch our educational content, quiz creation guides, and fun videos on Sporcle TV.

Show Comments

Extras

Top Quizzes Today


Score Distribution

Your Account Isn't Verified!

In order to create a playlist on Sporcle, you need to verify the email address you used during registration. Go to your Sporcle Settings to finish the process.

Report this User

Report this user for behavior that violates our Community Guidelines.

Details: